| 000 | 01266cam a22001934a 4500 | ||
|---|---|---|---|
| 005 | 20250605164052.0 | ||
| 008 | 250528s ||||||||||||||||||||||||d | ||
| 035 | _a17313 | ||
| 020 | _a47195120 | ||
| 040 |
_aGR-AtMCL _bgre _dGR-AtMCL _eAACR2 |
||
| 245 | 1 | _aTourism and the Less Developed Countries | |
| 260 |
_bJohn Wiley & Sons, Ltd, _c1995 |
||
| 300 | _a186 | ||
| 520 | _aA unique analysis of the costs and benefits of tourism in a range of large and small nations. Preface, International Tourism and the Less Developed Countries: The Background, Tourism to Less Developed Countries: The Social Consequences, Political Instability and Tourism in the Third World, The Structure of International Tourism and Tourism Development, Sex Tourism in South-East Asia, Japan and South-East Asia: The International Division of Labor and Leisure, Tourism in Latin America: Perspectives from Mexico and Costa Rica, Tourism Development in Cuba, The Politics of Tour Guiding: Israeli and Palestinian Guides in Israel and Occupied Territories, Life in the Informal Sector: Street Guides in Kandy and Sri Lanka, Tradition and Modernity and Tourism in Swaziland, Bibliography, Index. | ||
| 700 | 1 |
_aHarris David _93140 |
|
| 942 | _cBK | ||
| 999 |
_c2741 _d2741 |
||